Sports Quiz

Random Sports or NFL Quiz
Score 0/37 Timer 06:00
0 Plays Today
TD Player (Season) % Correct
13Tom Brady (2007)
100%
10Tom Brady (2016)
100%
15Peyton Manning (2004)
99%
14Peyton Manning (2013)
99%
12Aaron Rodgers (2014)
99%
11Aaron Rodgers (2011)
99%
11Aaron Rodgers (2016)
99%
10Peyton Manning (2009)
99%
12Drew Brees (2010)
98.5%
11Drew Brees (2015)
98.5%
11Matt Ryan (2011)
98.5%
10Drew Brees (2013)
98.5%
10Matt Ryan (2012)
98.5%
10Matt Ryan (2016)
98.5%
14Steve Young (1994)
97.9%
13Brett Favre (1995)
97.9%
10Brett Favre (1997)
97.9%
10Brett Favre (1998)
97.9%
10Brett Favre (2001)
97.9%
TD Player (Season) % Correct
10Brett Favre (2003)
97.9%
10Philip Rivers (2009)
97.9%
15Kurt Warner (1999)
97.4%
11Kurt Warner (2001)
97.4%
12Patrick Mahomes (2018)
96.9%
11Ben Roethlisberger (2016)
96.9%
10Ben Roethlisberger (2005)
96.9%
11Joe Flacco (2014)
96.4%
12Donovan McNabb (2004)
95.9%
10Tony Romo (2014)
94.3%
10Drew Bledsoe (1996)
93.3%
10Carson Wentz (2017)
92.3%
10John Elway (1996)
90.7%
10Kirk Cousins (2015)
76.8%
10Jake Plummer (2004)
68.6%
11Chris Chandler (1998)
64.9%
11Scott Mitchell (1995)
49.5%
10Stan Humphries (1996)
45.9%
Remove Ads.
Support Sporcle.
Get the best of Sporcle when you Go Orange. This ad-free experience offers more features, more stats, and more fun while also helping to support Sporcle. Thank you for becoming a member.

You're not logged in!

Compare scores with friends on all Sporcle quizzes.
OR
Log In

Show Comments

Extras

Top Quizzes Today


Score Distribution

Your Account Isn't Verified!

In order to create a playlist on Sporcle, you need to verify the email address you used during registration. Go to your Sporcle Settings to finish the process.

Report this User

Report this user for behavior that violates our Community Guidelines.

Details: